Darts Players By Image - BALD - Statistics

General Stats
  • This quiz has been taken 82 times
  • The average score is 6 of 8
Answer Stats
Picture Answer % Correct
Michael van Gerwen
100%
Rob Cross
94%
Andrew Gilding
87%
Alan Soutar
83%
Leonard Gates
74%
Martin Lukeman
73%
Mickey Mansell
70%
Karel Sedlacek
66%
No matching quizzes found
Score Distribution
Percent of People with Each Score
Percentile by Number Answered
Your Score History
You have not taken this quiz